Použitie komutačných funkcií na slovenskom poistnom trhu
Sprehľadnenie problematiky dôchodkového poistenia na Slovensku z teoretického ako aj praktického hľadiska. Téma dôchodkových systémov je predmetom mnohých diskusií a analýz, prehľadné zhodnotenie vplyvu rôznych stále sa meniacich vstupných parametrov a ich prepočty sú často obtiažne. Preto sa autori...
Salvato in:
| Autore principale: | |
|---|---|
| Altri autori: | |
| Natura: | Capitolo di libro |
| Lingua: | slovacco |
| Soggetti: | |
| Tags: |
Nessun Tag, puoi essere il primo ad aggiungerne!!
|
MARC
| LEADER | 00000nla$a2200000$$$4500 | ||
|---|---|---|---|
| 001 | 0088386 | ||
| 005 | 20240502072006.0 | ||
| 041 | 0 | |a slo | |
| 044 | |a SK | ||
| 245 | 1 | 0 | |a Použitie komutačných funkcií na slovenskom poistnom trhu |c Lea Škrovánková, Zsolt Simonka |
| 520 | |a Sprehľadnenie problematiky dôchodkového poistenia na Slovensku z teoretického ako aj praktického hľadiska. Téma dôchodkových systémov je predmetom mnohých diskusií a analýz, prehľadné zhodnotenie vplyvu rôznych stále sa meniacich vstupných parametrov a ich prepočty sú často obtiažne. Preto sa autori pokúsili spraviť analýzu základných aktuárskych výpočtov, na ktorých može budovať každý pilier dôchodkového poistenia. | ||
| 610 | 2 | 0 | |a poisťovníctvo |
| 610 | 2 | 0 | |a poistenie dôchodkové |
| 610 | 2 | 0 | |a matematika poistná |
| 610 | 2 | 0 | |a aktuári |
| 610 | 2 | 0 | |a metódy štatistické |
| 610 | 2 | 0 | |a metódy aktuárske |
| 100 | 1 | |a Škrovánková, Lea, 1954- | |
| 700 | 1 | |a Simonka, Zsolt, 1974- | |